Elementos de aritmética universal : (Record no. 158438)

MARC details
000 -LEADER
campo de control de longitud fija 01143nam a22002535i 4500
001 - NÚMERO DE CONTROL
campo de control 158438
003 - IDENTIFICADOR DE NÚMERO DE CONTROL
campo de control ES-MaACL
005 - FECHA Y HORA DE LA ÚLTIMA TRANSACCIÓN
campo de control 20250724074709.0
008 - DATOS DE LONGITUD FIJA--INFORMACIÓN GENERAL
campo de control de longitud fija 040831m18521854sp |||| | spa d
040 ## - FUENTE DE CATALOGACIÓN
Centro catalogador/agencia de origen CAM
Lengua de catalogación spa
Centro/agencia transcriptor CAM
080 ## - NÚMERO DE LA CLASIFICACIÓN DECIMAL UNIVERSAL
Número de la Clasificación Decimal Universal 511.1
100 1# - ENTRADA PRINCIPAL--NOMBRE DE PERSONA
Nombre de persona Madorell y Badia, Manuel.
Término indicativo de función/relación Autor
9 (RLIN) 129321
245 10 - MENCIÓN DEL TÍTULO
Título Elementos de aritmética universal :
Resto del título propios para servir de texto en los colegios y escuelas de ambos sexos /
Mención de responsabilidad, etc. compuestos por Manuel Madorell y Badia.
260 ## - PUBLICACIÓN, DISTRIBUCIÓN, ETC.
Lugar de publicación, distribución, etc. Barcelona :
Nombre del editor, distribuidor, etc. [s.n.],
Fecha de publicación, distribución, etc. 1852-1854
Fabricante (Imp. de los hermanos Torras y compañía)
300 ## - DESCRIPCIÓN FÍSICA
Extensión 2 volúmenes (XI, 144 páginas ; VI, 85 páginas) ;
Dimensiones 16 cm.
594 ## - Nota al título y mención de responsabilidad
Nota al título y mención de responsabilidad En port. del v. II: "continuada por Francisco de Asís Madorell"
596 ## - NOTA AL PIE DE IMPRENTA
NOTA AL PIE DE IMPRENTA El imp. del v. II es Imp. de Tomás Gaspar
650 07 - PUNTO DE ACCESO ADICIONAL DE MATERIA--TÉRMINO DE MATERIA
Término de materia o nombre geográfico como elemento de entrada Aritmética
Fuente del encabezamiento o término embne
9 (RLIN) 9963
700 1# - ENTRADA AGREGADA--NOMBRE PERSONAL
Nombre de persona Madorell, Francisco de Asís
Término indicativo de función/relación Colaborador
9 (RLIN) 129322
852 ## - LOCALIZACIÓN
Ubicación ES-MaACL
Ubicación en estantería Sala Valle Inclán
Número de control de estantería D-489-90
Anotaciones manuscritas Dedicatoria ms. de Francisco de Asís Madorell a Laureano Figuerola
Donativo/Legado Donativo Bosch
Encuadernación Pasta española: v. I
-- Cartoné: v. II
942 ## - ELEMENTOS DE ENTRADA SECUNDARIOS (KOHA)
Fuente del sistema de clasificación o colocación Clasificación decimal universal
Tipo de ítem Koha Libro impreso antiguo
Suprimir en OPAC No
Holdings
Estatus retirado Estado de pérdida Fuente del sistema de clasificación o colocación Estado de daño No para préstamo Colección Biblioteca de origen Biblioteca actual Ubicación en estantería Fecha de adquisición Fuente de adquisición Total de préstamos Signatura topográfica completa Código de barras Visto por última vez Tipo de ítem Koha
    Clasificación decimal universal     Libros del s. XIX Biblioteca del Ateneo de Madrid Biblioteca del Ateneo de Madrid Sala Valle Inclán 17/01/2008 Donación   D-489-90 901165824 23/02/2023 Libro impreso antiguo